000 00501nam a2200193Ia 4500
008 230612s9999 xx 000 0 und d
020 _a0-471-06077-1
041 _aeng
082 _a621.3815 BOS
100 _aBose S.K.
_9135941
245 _aDigital Systems
_bFrom Gates To Microprocessors
250 _a2nd ed.
260 _c1992
_bWiely Eastern
300 _a432
365 _cRs.
_b100.00
700 _aBose S.K.
_9135941
906 _dB:10-Oct-1992
_cETC
_b15
999 _c165345
_d165345